Statistics for Azerbaijani Animal Words

Click here to take the quiz!

General Stats

  • This quiz has been taken 4 times
  • The average score is 21 of 30

Answer Stats

AzerbaijaniEnglish% Correct
AyıBear
100%
İnəkCow
100%
İtDog
100%
AtHorse
100%
DonuzPig
100%
İlanSnake
100%
DəvəCamel
75%
QarğaCrow
75%
MaralDeer
75%
EşşəkDonkey
75%
ÖrdəkDuck
75%
QartalEagle
75%
FilElephant
75%
QazGoose
75%
ÇaqqalJackal
75%
MeymunMonkey
75%
DovşanRabbit
75%
QoyunSheep
75%
CanavarWolf
75%
PorsuqBadger
50%
PişikCat
50%
DurnaCrane
50%
TimsahCrocodile
50%
TülküFox
50%
KirpiHedgehog
50%
ŞirLion
50%
KərtənkələLizard
50%
VaşaqLynx
50%
PələngTiger
50%
MorjWalrus
50%

Score Distribution

Percentile by Number Answered

Percent of People with Each Score

Your Score History

You have not taken this quiz